<?xml version="1.0" encoding="UTF-8"?>
<collection xmlns="http://www.loc.gov/MARC21/slim">
<record>
  <controlfield tag="001">165465</controlfield>
  <controlfield tag="005">20260108143204.0</controlfield>
  <datafield tag="024" ind1="7" ind2=" ">
    <subfield code="2">doi</subfield>
    <subfield code="a">10.23824/ase.v0i44.1019</subfield>
  </datafield>
  <datafield tag="024" ind1="8" ind2=" ">
    <subfield code="2">sideral</subfield>
    <subfield code="a">147057</subfield>
  </datafield>
  <datafield tag="037" ind1=" " ind2=" ">
    <subfield code="a">ART-2025-147057</subfield>
  </datafield>
  <datafield tag="041" ind1=" " ind2=" ">
    <subfield code="a">spa</subfield>
  </datafield>
  <datafield tag="100" ind1=" " ind2=" ">
    <subfield code="a">Galicia Mangas, Francisco Javier</subfield>
    <subfield code="u">Universidad de Zaragoza</subfield>
    <subfield code="0">(orcid)0000-0002-3494-8639</subfield>
  </datafield>
  <datafield tag="245" ind1=" " ind2=" ">
    <subfield code="a">Inteligencia artificial y proteción de datos en el ámbito de la educación en España</subfield>
  </datafield>
  <datafield tag="260" ind1=" " ind2=" ">
    <subfield code="c">2025</subfield>
  </datafield>
  <datafield tag="520" ind1="3" ind2=" ">
    <subfield code="a">Objectives: to verify the degree of compliance with data protection regulations by Artificial Intelligence systems used in education.  Methodology: that of the social and legal sciences, based on a study of the current situation and the applicable regulatory framework in order to assess the effectiveness of its application and propose measures to guarantee rights. Outcomes: there are difficulties in the protection of personal data, due to a technological advance much faster than the normative granting of protected rights. Conclusions: AI systems used in education must comply with the strict European rules on personal data protection, but there are serious practical difficulties to ensure effective compliance.   Objetivos: verificar el grado de cumplimiento de la normativa de protección de datos por parte de los sistemas de IA utilizados en el ámbito educativo. Metodología: la propia de las ciencias sociales y jurídicas, que parte del estudio de la situación actual y del marco normativo aplicable, para valorar la efectividad de su aplicación y proponer medidas de garantía de los derechos. Resultados: se observan dificultades en la protección de datos personales, derivadas de un avance tecnológico mucho más apresurado que el normativo de garantía de los derechos protegidos. Conclusiones: Los sistemas de IA utilizados en el ámbito educativo deben cumplir las estrictas normas vigentes en el ámbito europeo en materia de protección de datos personales, pero se detectan serias dificultades prácticas para garantizar de manera efectiva dicho cumplimiento.</subfield>
  </datafield>
  <datafield tag="506" ind1="0" ind2=" ">
    <subfield code="a">Access copy available to the general public</subfield>
    <subfield code="f">Unrestricted</subfield>
  </datafield>
  <datafield tag="540" ind1=" " ind2=" ">
    <subfield code="9">info:eu-repo/semantics/openAccess</subfield>
    <subfield code="a">by-sa</subfield>
    <subfield code="u">https://creativecommons.org/licenses/by-sa/4.0/deed.es</subfield>
  </datafield>
  <datafield tag="655" ind1=" " ind2="4">
    <subfield code="a">info:eu-repo/semantics/article</subfield>
    <subfield code="v">info:eu-repo/semantics/publishedVersion</subfield>
  </datafield>
  <datafield tag="710" ind1="2" ind2=" ">
    <subfield code="1">4005</subfield>
    <subfield code="2">125</subfield>
    <subfield code="a">Universidad de Zaragoza</subfield>
    <subfield code="b">Dpto. Derecho Público</subfield>
    <subfield code="c">Área Derecho Administrativo</subfield>
  </datafield>
  <datafield tag="773" ind1=" " ind2=" ">
    <subfield code="g">44 (2025), [54 pp.]</subfield>
    <subfield code="p">Av. superv. educ.</subfield>
    <subfield code="t">Avances en supervisión educativa</subfield>
    <subfield code="x">1885-0286</subfield>
  </datafield>
  <datafield tag="856" ind1="4" ind2=" ">
    <subfield code="s">851944</subfield>
    <subfield code="u">http://zaguan.unizar.es/record/165465/files/texto_completo.pdf</subfield>
    <subfield code="y">Versión publicada</subfield>
  </datafield>
  <datafield tag="856" ind1="4" ind2=" ">
    <subfield code="s">1450973</subfield>
    <subfield code="u">http://zaguan.unizar.es/record/165465/files/texto_completo.jpg?subformat=icon</subfield>
    <subfield code="x">icon</subfield>
    <subfield code="y">Versión publicada</subfield>
  </datafield>
  <datafield tag="909" ind1="C" ind2="O">
    <subfield code="o">oai:zaguan.unizar.es:165465</subfield>
    <subfield code="p">articulos</subfield>
    <subfield code="p">driver</subfield>
  </datafield>
  <datafield tag="951" ind1=" " ind2=" ">
    <subfield code="a">2026-01-08-14:11:07</subfield>
  </datafield>
  <datafield tag="980" ind1=" " ind2=" ">
    <subfield code="a">ARTICLE</subfield>
  </datafield>
</record>
</collection>